[Event "XXIV Rapid"]
[Site "Villarrobledo ESP"]
[Date "2009.07.26"]
[Round "8"]
[White "Milov, V."]
[Black "Naiditsch, A."]
[Result "1-0"]
[WhiteElo "2659"]
[BlackElo "2697"]
[PlyCount "93"]
[EventDate "2009.07.25"]

1. d4 Nf6 2. c4 e6 3. Nc3 Bb4 4. e3 O-O 5. Bd3 d5 6. cxd5 Nxd5 7. Qc2 h6 8. Nf3
c5 9. O-O cxd4 10. exd4 Nc6 11. a3 Be7 12. Qe2 b6 13. Rd1 Bb7 14. Qe4 Nf6 15.
Qh4 Re8 16. Qg3 Nh5 17. Qh3 Nf6 18. Ne5 Nxd4 19. Be3 Nb3 {19...Nb3 undervalued
the gravity of the coming reply, 20.Bg6. This move gave White a long-term
advantage, which he never let slip.} 20. Bg6 fxg6 (20... Qxd1+ 21. Rxd1 fxg6
22. Qxe6+ Kh7 23. Qxb3 {and}) (20... Qc7 21. Bxf7+ Kf8 22. f4 Bc5 23. Bxe6
Bxe3+ 24. Kh1 Red8 (24... Re7 25. Ng6+ Ke8 26. Bxb3) 25. Bxb3 {both leave
White with a decisive advantage.}) 21. Rxd8 Bxd8 22. Re1 g5 23. Nb5 Bd5 24. Nc3
Bb7 25. f4 g4 26. Nxg4 Nxg4 27. Qxg4 Bf6 28. Bf2 Nd4 29. Ne4 Bxe4 30. Rxe4 Nf5
31. Qe2 Rac8 32. g4 Nh4 33. Bxh4 Bxh4 34. Rxe6 Red8 35. Kg2 Bf6 36. Re4 Kh7 37.
Rc4 Rxc4 38. Qxc4 Rd2+ 39. Kg3 Rxb2 40. h4 Rd2 41. Qe4+ Kg8 42. g5 hxg5 43.
hxg5 Bb2 44. Qe3 Bc1 45. Qe6+ Kh7 46. Qf5+ Kh8 47. Qc8+ 1-0